| 000 | 01036nam a2200265Ia 4500 | ||
|---|---|---|---|
| 003 | IN-BaIIA | ||
| 008 | 211028s9999 xx 000 0 eng d | ||
| 020 | _a90-227-2706-6 | ||
| 040 | _cIIA Library | ||
| 080 |
_a52(082.1) _bASS-143 |
||
| 111 |
_aMidnight Sun Conference on Activity in Cool Star Envelopes _cTromso, Norway _d1987 July 1-8 _915828 |
||
| 245 | 0 |
_aActivity in cool star envelopes _bproceedings of midnight sun conference on activity in cool star envelopes, held in Tromso, Norway, July 1-8, 1987 _cedited by O, Havnes…[et al.] |
|
| 260 |
_aDordrecht _bKluwer Academic _c1988 |
||
| 300 | _axiii, 354p. | ||
| 490 | _aAstrophysics and space science library; v. 143 | ||
| 650 | _aAstronomy and Astrophysics Thesaurus | ||
| 650 |
_aCircumstellar matter _91297 |
||
| 650 |
_aCircumstellar shells _915829 |
||
| 650 |
_aCool stars _95425 |
||
| 700 |
_aHavnes, O., ed. _915830 |
||
| 700 |
_aPettersen, B. R., ed. _915831 |
||
| 700 |
_aSchmitt, J. H. M. M., ed. _915832 |
||
| 700 |
_aSolheim, J. E., ed. _915833 |
||
| 942 | _cBK | ||
| 999 |
_c9401 _d9401 |
||